00690nam a2200121Ia 4500008004100000020001800041100003700059245012800096260002700224650001200251650026000263856004500523171212s9999 xx 000 0 und d a9780833068422 aHanauer, Larry;Miller, Laurel E. cHanauer, Larry;Miller, Laurel E.aResolving KirkukbLessons Learned from Settlements of Earlier Ethno-Territorial Conflicts bRAND Corporationc2012 aHistory aKarkuk (Iraq) -- Ethnic relations -- Political aspects; Karkuk (Iraq) -- Politics and government -- 21st century; Ethnic conflict -- Iraq -- Karkuk -- History -- 21st century; Compromise formation -- Iraq -- Karkuk -- History -- 21st century; Iraq War, 20 uwww.jstor.org/stable/10.7249/j.ctt3fh1w3